000
00325nam a2200145Ia 4500
008
230917s9999||||xx |||||||||||||| ||und||
040
_e
46683
_a
MAIN
041
_a
English
082
_a
410 S38S
100
_a
Srivastava, R N
245
0
_a
Literacy
260
_a
Delhi
_b
Kalinga
_c
1993
300
_a
vi, 243 p.
942
_c
BK
999
_c
95551
_d
95551